<?xml version="1.0" encoding="UTF-8"?>
<record
    xmlns:xsi="http://www.w3.org/2001/XMLSchema-instance"
    xsi:schemaLocation="http://www.loc.gov/MARC21/slim http://www.loc.gov/standards/marcxml/schema/MARC21slim.xsd"
    xmlns="http://www.loc.gov/MARC21/slim">

  <leader>00422nam a2200157Ia 4500</leader>
  <controlfield tag="008">230711s9999||||xx |||||||||||||| ||und||</controlfield>
  <datafield tag="020" ind1=" " ind2=" ">
    <subfield code="a">978-93-272-4858-6</subfield>
  </datafield>
  <datafield tag="041" ind1=" " ind2=" ">
    <subfield code="a">ENG</subfield>
  </datafield>
  <datafield tag="082" ind1=" " ind2=" ">
    <subfield code="a">658.4</subfield>
    <subfield code="b">GU-C</subfield>
  </datafield>
  <datafield tag="100" ind1=" " ind2=" ">
    <subfield code="a">Gupta,Priyanka</subfield>
  </datafield>
  <datafield tag="245" ind1=" " ind2="0">
    <subfield code="a">Corporate Legal Environment(Mercantile Law)</subfield>
  </datafield>
  <datafield tag="250" ind1=" " ind2=" ">
    <subfield code="a">1st Ed.</subfield>
  </datafield>
  <datafield tag="260" ind1=" " ind2=" ">
    <subfield code="c">2009</subfield>
    <subfield code="a">New Delhi</subfield>
    <subfield code="b">Kalyani Publishers House</subfield>
  </datafield>
  <datafield tag="650" ind1=" " ind2=" ">
    <subfield code="a">UNIVESITY BUSNIESS SCHOOL</subfield>
  </datafield>
  <datafield tag="942" ind1=" " ind2=" ">
    <subfield code="c">BK</subfield>
  </datafield>
  <datafield tag="952" ind1=" " ind2=" ">
    <subfield code="0">0</subfield>
    <subfield code="1">0</subfield>
    <subfield code="4">0</subfield>
    <subfield code="7">0</subfield>
    <subfield code="8">C</subfield>
    <subfield code="a">MCL</subfield>
    <subfield code="b">MCL</subfield>
    <subfield code="d">2043-11-05</subfield>
    <subfield code="e">Krishna Book Distributors</subfield>
    <subfield code="g">395.00</subfield>
    <subfield code="i">KBD/2017-2018/1020243059</subfield>
    <subfield code="l">0</subfield>
    <subfield code="o">658.4 GU-C</subfield>
    <subfield code="p">40452</subfield>
    <subfield code="r">2023-08-17 14:05:54</subfield>
    <subfield code="w">2023-08-17</subfield>
    <subfield code="y">BK</subfield>
  </datafield>
  <datafield tag="952" ind1=" " ind2=" ">
    <subfield code="0">0</subfield>
    <subfield code="1">0</subfield>
    <subfield code="4">0</subfield>
    <subfield code="7">0</subfield>
    <subfield code="8">C</subfield>
    <subfield code="a">MCL</subfield>
    <subfield code="b">MCL</subfield>
    <subfield code="d">2043-11-05</subfield>
    <subfield code="e">Krishna Book Distributors</subfield>
    <subfield code="g">395.00</subfield>
    <subfield code="i">KBD/2017-2018/1020243059</subfield>
    <subfield code="l">0</subfield>
    <subfield code="o">658.4 GU-C</subfield>
    <subfield code="p">40453</subfield>
    <subfield code="r">2023-08-17 14:59:40</subfield>
    <subfield code="w">2023-08-17</subfield>
    <subfield code="y">BK</subfield>
  </datafield>
  <datafield tag="952" ind1=" " ind2=" ">
    <subfield code="0">0</subfield>
    <subfield code="1">0</subfield>
    <subfield code="4">0</subfield>
    <subfield code="7">0</subfield>
    <subfield code="8">C</subfield>
    <subfield code="a">MCL</subfield>
    <subfield code="b">MCL</subfield>
    <subfield code="d">2043-11-05</subfield>
    <subfield code="e">Krishna Book Distributors</subfield>
    <subfield code="g">395.00</subfield>
    <subfield code="i">KBD/2017-2018/1020243059</subfield>
    <subfield code="l">0</subfield>
    <subfield code="o">658.4 GU-C</subfield>
    <subfield code="p">40454</subfield>
    <subfield code="r">2023-08-17 14:59:40</subfield>
    <subfield code="w">2023-08-17</subfield>
    <subfield code="y">BK</subfield>
  </datafield>
  <datafield tag="952" ind1=" " ind2=" ">
    <subfield code="0">0</subfield>
    <subfield code="1">0</subfield>
    <subfield code="4">0</subfield>
    <subfield code="7">0</subfield>
    <subfield code="8">C</subfield>
    <subfield code="a">MCL</subfield>
    <subfield code="b">MCL</subfield>
    <subfield code="d">2043-11-05</subfield>
    <subfield code="e">Krishna Book Distributors</subfield>
    <subfield code="g">395.00</subfield>
    <subfield code="i">KBD/2017-2018/1020243059</subfield>
    <subfield code="l">0</subfield>
    <subfield code="o">658.4 GU-C</subfield>
    <subfield code="p">40455</subfield>
    <subfield code="r">2023-08-17 14:59:40</subfield>
    <subfield code="w">2023-08-17</subfield>
    <subfield code="y">BK</subfield>
  </datafield>
  <datafield tag="952" ind1=" " ind2=" ">
    <subfield code="0">0</subfield>
    <subfield code="1">0</subfield>
    <subfield code="4">0</subfield>
    <subfield code="7">0</subfield>
    <subfield code="8">C</subfield>
    <subfield code="a">MCL</subfield>
    <subfield code="b">MCL</subfield>
    <subfield code="d">2043-11-05</subfield>
    <subfield code="e">Krishna Book Distributors</subfield>
    <subfield code="g">395.00</subfield>
    <subfield code="i">KBD/2017-2018/1020243059</subfield>
    <subfield code="l">0</subfield>
    <subfield code="o">658.4 GU-C</subfield>
    <subfield code="p">40456</subfield>
    <subfield code="r">2023-08-17 14:59:40</subfield>
    <subfield code="w">2023-08-17</subfield>
    <subfield code="y">BK</subfield>
  </datafield>
  <datafield tag="952" ind1=" " ind2=" ">
    <subfield code="0">0</subfield>
    <subfield code="1">0</subfield>
    <subfield code="4">0</subfield>
    <subfield code="7">0</subfield>
    <subfield code="8">C</subfield>
    <subfield code="a">MCL</subfield>
    <subfield code="b">MCL</subfield>
    <subfield code="d">2043-11-05</subfield>
    <subfield code="e">Krishna Book Distributors</subfield>
    <subfield code="g">395.00</subfield>
    <subfield code="i">KBD/2017-2018/1020243059</subfield>
    <subfield code="l">0</subfield>
    <subfield code="o">658.4 GU-C</subfield>
    <subfield code="p">40457</subfield>
    <subfield code="r">2023-08-17 14:59:40</subfield>
    <subfield code="w">2023-08-17</subfield>
    <subfield code="y">BK</subfield>
  </datafield>
  <datafield tag="952" ind1=" " ind2=" ">
    <subfield code="0">0</subfield>
    <subfield code="1">0</subfield>
    <subfield code="4">0</subfield>
    <subfield code="7">0</subfield>
    <subfield code="8">C</subfield>
    <subfield code="a">MCL</subfield>
    <subfield code="b">MCL</subfield>
    <subfield code="d">2043-11-05</subfield>
    <subfield code="e">Krishna Book Distributors</subfield>
    <subfield code="g">395.00</subfield>
    <subfield code="i">KBD/2017-2018/1020243059</subfield>
    <subfield code="l">0</subfield>
    <subfield code="o">658.4 GU-C</subfield>
    <subfield code="p">40458</subfield>
    <subfield code="r">2023-08-17 14:59:40</subfield>
    <subfield code="w">2023-08-17</subfield>
    <subfield code="y">BK</subfield>
  </datafield>
  <datafield tag="952" ind1=" " ind2=" ">
    <subfield code="0">0</subfield>
    <subfield code="1">0</subfield>
    <subfield code="4">0</subfield>
    <subfield code="7">0</subfield>
    <subfield code="8">C</subfield>
    <subfield code="a">MCL</subfield>
    <subfield code="b">MCL</subfield>
    <subfield code="d">2043-11-05</subfield>
    <subfield code="e">Krishna Book Distributors</subfield>
    <subfield code="g">395.00</subfield>
    <subfield code="i">KBD/2017-2018/1020243059</subfield>
    <subfield code="l">0</subfield>
    <subfield code="o">658.4 GU-C</subfield>
    <subfield code="p">40459</subfield>
    <subfield code="r">2023-08-17 14:59:40</subfield>
    <subfield code="w">2023-08-17</subfield>
    <subfield code="y">BK</subfield>
  </datafield>
  <datafield tag="952" ind1=" " ind2=" ">
    <subfield code="0">0</subfield>
    <subfield code="1">0</subfield>
    <subfield code="4">0</subfield>
    <subfield code="7">0</subfield>
    <subfield code="8">C</subfield>
    <subfield code="a">MCL</subfield>
    <subfield code="b">MCL</subfield>
    <subfield code="d">2043-11-05</subfield>
    <subfield code="e">Krishna Book Distributors</subfield>
    <subfield code="g">395.00</subfield>
    <subfield code="i">KBD/2017-2018/1020243059</subfield>
    <subfield code="l">0</subfield>
    <subfield code="o">658.4 GU-C</subfield>
    <subfield code="p">40460</subfield>
    <subfield code="r">2023-08-17 14:59:40</subfield>
    <subfield code="w">2023-08-17</subfield>
    <subfield code="y">BK</subfield>
  </datafield>
  <datafield tag="952" ind1=" " ind2=" ">
    <subfield code="0">0</subfield>
    <subfield code="1">0</subfield>
    <subfield code="4">0</subfield>
    <subfield code="7">0</subfield>
    <subfield code="8">C</subfield>
    <subfield code="a">MCL</subfield>
    <subfield code="b">MCL</subfield>
    <subfield code="d">2043-11-05</subfield>
    <subfield code="e">Krishna Book Distributors</subfield>
    <subfield code="g">395.00</subfield>
    <subfield code="i">KBD/2017-2018/1020243059</subfield>
    <subfield code="l">0</subfield>
    <subfield code="o">658.4 GU-C</subfield>
    <subfield code="p">40461</subfield>
    <subfield code="r">2023-08-17 14:59:40</subfield>
    <subfield code="w">2023-08-17</subfield>
    <subfield code="y">BK</subfield>
  </datafield>
  <datafield tag="999" ind1=" " ind2=" ">
    <subfield code="c">6790</subfield>
    <subfield code="d">6790</subfield>
  </datafield>
</record>
